000 01413nam a2200253Ia 4500
999 _c49598
_d49598
001 16530
003 GE_BSU
005 20241230171918.0
008 181216s2014||||ge |||||||||||||| || ||
020 _a9789941036453
040 _cGE_BSU
041 _ageo
080 _a51(075.4)+512+517 მ-51
245 _aმათემატიკა : ალგებრა და ანალიზის საწყისები :
_b[საატესტატო და ეროვნული გამოცდებისათვის] /
_cბეჟან ღვაბერიძე, ფრიდონ დვალიშვილი, ალექსანდრე მოსიძე [და სხვ.] ; რედ. ნ. ქალდანი.
250 _aმეექვსე გამოცემა
264 _aთბილისი :
_b[?],
_c2014.
300 _a509 გვ. ;
_c27 სმ.
653 _aმათემატიკა : ალგებრა და ანალიზის საწყისები
700 _aღვაბერიძე, ბეჟან
_eავტორი
_923397
700 _aდვალიშვილი, ფრიდონ
_eავტორი
_923398
700 _aმოსიძე, ალექსანდრე
_eავტორი
_923399
700 _aქალდანი, ნ.
_eრედაქტორი
_922383
942 _cBK
_2udc